[Event "NK Jeugd Bm"]
[Site "Assen"]
[Date "2017.04.27"]
[Round "5.3"]
[White "Lu, Ting Ting"]
[Black "Schelleman, Iris"]
[Result "0-1"]
[WhiteElo "1493"]
[BlackElo "1732"]
[PlyCount "131"]
[EventDate "2017.??.??"]

1. e4 e5 2. Nf3 Nc6 3. Bc4 Bc5 4. c3 Nf6 5. d4 exd4 6. cxd4 Bb4+ 7. Bd2 Nxe4 8.
Bxb4 Nxb4 9. Bxf7+ Kxf7 10. Qb3+ d5 11. Ne5+ Ke6 12. Qxb4 c5 13. Qa3 cxd4 14.
f4 Qb6 15. Rf1 Qc5 16. Qxc5 Nxc5 17. Nd2 Rf8 18. g3 Kd6 19. Ndf3 Bh3 20. Rf2
Rae8 21. Rd2 d3 22. b4 Na6 23. a3 Bf5 24. Nd4 Nc7 25. Nxf5+ Rxf5 26. Rxd3 g5
27. Rf3 gxf4 28. gxf4 Ne6 29. Kf1 Ref8 30. Nd3 Nxf4 31. Nxf4 Rxf4 32. Rxf4
Rxf4+ 33. Kg2 d4 34. Rc1 d3 35. Rc8 Kd7 36. Rc1 Rd4 37. Kf2 d2 38. Rd1 Rd3 39.
Ke2 Rxa3 40. Rxd2+ Kc7 41. Kf2 Rh3 42. Kg2 Rh4 43. Rb2 Kb6 44. Kg3 Rh6 45. h4
Kb5 46. Kg4 Rb6 47. Kg5 Ka4 48. Ra2+ Kxb4 49. Rxa7 Kc5 50. Ra5+ Kd4 51. Rf5 Re6
52. Rf7 h6+ 53. Kh5 b5 54. Rh7 b4 55. Rxh6 Rxh6+ 56. Kxh6 b3 57. Kg7 b2 58. h5
b1=Q 59. h6 Qb7+ 60. Kg8 Qc8+ 61. Kg7 Qd7+ 62. Kg8 Qd8+ 63. Kf7 Qh8 64. Kg6 Ke5
65. h7 Qf6+ 66. Kh5 0-1

[Event "NK Jeugd Bm"]
[Site "Assen"]
[Date "2017.04.27"]
[Round "5.4"]
[White "Waardenburg, Marlinde"]
[Black "Kroon, Gerbrich"]
[Result "1-0"]
[WhiteElo "1608"]
[BlackElo "1437"]
[PlyCount "39"]
[EventDate "2017.??.??"]

1. e4 c6 2. d4 d5 3. e5 Bf5 4. Nf3 e6 5. Be2 c5 6. c4 Nc6 7. cxd5 Qxd5 8. Nc3
Qd8 9. Be3 cxd4 10. Nxd4 Bg6 11. Qa4 Nge7 12. Rd1 Qa5 13. Qxa5 Nxa5 14. Ndb5
Nd5 15. Nxd5 exd5 16. Nc7+ Kd7 17. Nxa8 Nc6 18. Bg4+ Ke8 19. Nc7+ Kd8 20. Nxd5
1-0

[Event "NK Jeugd Bm"]
[Site "Assen"]
[Date "2017.04.28"]
[Round "6.1"]
[White "Duson, Robin"]
[Black "Lu, Ting Ting"]
[Result "1-0"]
[WhiteElo "1854"]
[BlackElo "1493"]
[PlyCount "38"]
[EventDate "2017.??.??"]

1. e4 e5 2. Nf3 Nc6 3. Bc4 Nf6 4. d3 Be7 5. c3 d6 6. Bb3 O-O 7. Nbd2 d5 8. Qe2
Be6 9. Bc2 d4 10. O-O Nd7 11. Ba4 Nc5 12. Bxc6 bxc6 13. Nxe5 dxc3 14. Nxc6 cxb2
15. Bxb2 Qd6 16. Nxe7+ Qxe7 17. Ba3 Qd6 18. Qe3 Qxd3 19. Bxc5 Qd8 1-0

[Event "NK Jeugd Bm"]
[Site "Assen"]
[Date "2017.04.28"]
[Round "6.2"]
[White "Martinez, Anna"]
[Black "Schelleman, Iris"]
[Result "1/2-1/2"]
[WhiteElo "1781"]
[BlackElo "1732"]
[PlyCount "135"]
[EventDate "2017.??.??"]

1. d4 Nf6 2. c4 c5 3. d5 e6 4. Nc3 exd5 5. cxd5 d6 6. Nf3 g6 7. Nd2 a6 8. a4
Be7 9. e4 O-O 10. Be2 Re8 11. O-O Bf8 12. Qc2 Nbd7 13. h3 Bg7 14. f4 Qc7 15. b3
Rb8 16. Bb2 b6 17. Rad1 Bb7 18. Bd3 h6 19. Nf3 Nh7 20. Bc4 Qd8 21. Rde1 g5 22.
g3 f6 23. Bd3 Nhf8 24. Nd1 b5 25. axb5 axb5 26. fxg5 hxg5 27. Qf2 Ne5 28. Nxe5
fxe5 29. Qf7+ Kh8 30. Qh5+ Nh7 31. Ne3 Bc8 32. Rf7 Rb7 33. Rxb7 Bxb7 34. Bxb5
Rf8 35. Be2 Bc8 36. Nc4 Kg8 37. Bf1 Qf6 38. Qe2 Ba6 39. Bg2 Bxc4 40. bxc4 Qe7
41. Bc1 Bf6 42. Qg4 Rf7 43. h4 Rg7 44. hxg5 Nxg5 45. Rf1 Nh7 46. Qc8+ Nf8 47.
Bh6 Rg6 48. Bxf8 Qxf8 49. Qe6+ Kg7 50. Kh2 Qe7 51. Qc8 Kh6 52. Bh3 Qg7 53. Qf5
Be7 54. Qf3 Rf6 55. Bf5 Qg5 56. Rh1 Kg7 57. Qf2 Rh6+ 58. Kg2 Rxh1 59. Kxh1 Qf6
60. Qf3 Qg5 61. Be6 Qf6 62. Qe2 Qg5 63. Kg2 Bd8 64. Qa2 Be7 65. Bf5 Kf6 66. Qf2
Kg7 67. Qe2 Bd8 68. Be6 1/2-1/2

[Event "NK Jeugd Bm"]
[Site "Assen"]
[Date "2017.04.28"]
[Round "6.3"]
[White "Kalkman, Lorena"]
[Black "Waardenburg, Marlinde"]
[Result "1-0"]
[WhiteElo "1620"]
[BlackElo "1608"]
[PlyCount "119"]
[EventDate "2017.??.??"]

1. e4 c6 2. d4 d5 3. exd5 cxd5 4. Nf3 Nc6 5. c3 g6 6. Bd3 Bg7 7. Nbd2 Nh6 8.
O-O O-O 9. Re1 f6 10. Nb3 Nf7 11. Nh4 f5 12. g3 e5 13. dxe5 Ncxe5 14. Bc2 b6
15. Nf3 Bb7 16. Nxe5 Nxe5 17. f4 Nc4 18. Nd4 Re8 19. b3 Nd6 20. Bb2 Ne4 21. Bd3
Qc7 22. Rc1 Rad8 23. Qc2 Kh8 24. Kh1 Qc5 25. Kg2 Rc8 26. Kf3 a6 27. Red1 b5 28.
Kg2 b4 29. Bxe4 dxe4 30. Kf1 bxc3 31. Qxc3 Qe7 32. Qe3 Red8 33. Rxc8 Rxc8 34.
Rc1 Rxc1+ 35. Bxc1 a5 36. Qc3 Ba6+ 37. Kf2 Qd7 38. Be3 Qb5 39. Nxb5 Bxc3 40.
Nxc3 Kg8 41. Bb6 Kf7 42. Bxa5 Ke6 43. Bb6 Kd6 44. b4 Kc6 45. Bc5 Bd3 46. Ke3
Bc4 47. Kd4 Bd3 48. a4 Bf1 49. b5+ Kb7 50. Ke3 Bd3 51. Kd4 Bf1 52. Bb4 Kb6 53.
a5+ Kb7 54. Kc5 e3 55. Nd5 e2 56. Ne7 Bg2 57. a6+ Kc7 58. Ba5+ Kb8 59. b6 Ka8
60. Nc6 1-0

[Event "NK Jeugd Bm"]
[Site "Assen"]
[Date "2017.04.28"]
[Round "6.4"]
[White "Kroon, Gerbrich"]
[Black "Monteny, Pascalle"]
[Result "1-0"]
[WhiteElo "1437"]
[BlackElo "1467"]
[PlyCount "157"]
[EventDate "2017.??.??"]

1. e4 e5 2. Nf3 Nc6 3. Bc4 Bc5 4. c3 Nf6 5. d3 d6 6. Bb3 O-O 7. Nbd2 Bg4 8. h3
Bh5 9. g4 Bg6 10. Nf1 d5 11. exd5 Nxd5 12. Bc2 Qe7 13. Qe2 Rfe8 14. Be3 Bxe3
15. Nxe3 Nf4 16. Qd2 Rad8 17. O-O-O Be4 18. Nf5 Qf8 19. Qe3 Bxf5 20. gxf5 Qe7
21. h4 Qf6 22. Qe4 Qh6 23. Kb1 Qf6 24. Bb3 h6 25. Rhg1 Nh3 26. Rg2 Nf4 27. Rg3
Kh8 28. Bc2 Qd6 29. Nd2 Qd5 30. Qxd5 Nxd5 31. Ne4 Nf4 32. f6 g6 33. f3 b6 34.
Nf2 h5 35. Bb3 Rf8 36. Kc2 Na5 37. Ba4 a6 38. b4 Nb7 39. Re1 b5 40. Bb3 Rfe8
41. Bxf7 Rf8 42. Bxg6 Rxf6 43. Be4 Nd6 44. Bc6 Nf7 45. Be4 Nh6 46. Nh3 Rdf8 47.
Nxf4 Rxf4 48. Rg5 Rxh4 49. Rxe5 Rh2+ 50. Kb3 Nf7 51. Rf5 Rg2 52. Rxh5+ Kg7 53.
Reh1 Rh8 54. Rxh8 Nxh8 55. f4 Rg4 56. Rh7+ Kg8 57. Rxc7 Rxf4 58. a4 Nf7 59. Bd5
Kf8 60. Rxf7+ Rxf7 61. Bxf7 Kxf7 62. axb5 axb5 63. c4 bxc4+ 64. dxc4 Ke6 65.
Ka4 Kd6 66. Kb5 Kc7 67. Kc5 Kb7 68. Kd6 Kc8 69. Kc6 Kb8 70. Kd7 Kb7 71. c5 Kb8
72. c6 Ka8 73. c7 Kb7 74. c8=Q+ Ka7 75. Kd6 Kb6 76. Qc6+ Ka7 77. Qb5 Ka8 78.
Kc7 Ka7 79. Qb7# 1-0

[Event "NK Jeugd Bm"]
[Site "Assen"]
[Date "2017.04.29"]
[Round "7.1"]
[White "Schelleman, Iris"]
[Black "Duson, Robin"]
[Result "0-1"]
[WhiteElo "1732"]
[BlackElo "1854"]
[PlyCount "40"]
[EventDate "2017.??.??"]

1. e4 c5 2. Nc3 d6 3. f4 g6 4. Nf3 Bg7 5. Bc4 e6 6. O-O Ne7 7. Bb5+ Nbc6 8. d3
O-O 9. Bxc6 Nxc6 10. a3 b6 11. Qe1 Ba6 12. Qg3 c4 13. Rd1 cxd3 14. cxd3 Nd4 15.
Be3 Nc2 16. Rac1 Nxe3 17. Re1 d5 18. Rxe3 d4 19. Ree1 dxc3 20. bxc3 Qxd3 0-1

[Event "NK Jeugd Bm"]
[Site "Assen"]
[Date "2017.04.29"]
[Round "7.2"]
[White "Waardenburg, Marlinde"]
[Black "Martinez, Anna"]
[Result "1-0"]
[WhiteElo "1608"]
[BlackElo "1781"]
[PlyCount "61"]
[EventDate "2017.??.??"]

1. e4 c5 2. Nc3 Nc6 3. f4 g6 4. Nf3 Bg7 5. Bc4 e6 6. O-O Nge7 7. d3 O-O 8. Qe1
d5 9. Bb3 dxe4 10. dxe4 e5 11. Qh4 Be6 12. Bxe6 fxe6 13. Ng5 Qd4+ 14. Kh1 Rf6
15. Qxh7+ Kf8 16. Qh3 Kg8 17. Be3 Qc4 18. Rf2 exf4 19. Rxf4 Rxf4 20. Bxf4 e5
21. Be3 Nd8 22. Kg1 Kf8 23. Rf1+ Ke8 24. Rd1 Ndc6 25. Qd7+ Kf8 26. Rf1+ Kg8 27.
Qh3 Nf5 28. exf5 Kf8 29. fxg6+ Ke8 30. Qh7 Bf8 31. g7 1-0

[Event "NK Jeugd Bm"]
[Site "Assen"]
[Date "2017.04.29"]
[Round "7.3"]
[White "Monteny, Pascalle"]
[Black "Kalkman, Lorena"]
[Result "1/2-1/2"]
[WhiteElo "1467"]
[BlackElo "1620"]
[PlyCount "85"]
[EventDate "2017.??.??"]

1. e4 c5 2. b3 d6 3. Bb2 Nf6 4. Bb5+ Nbd7 5. Nc3 e6 6. d3 Be7 7. f4 a6 8. Bxd7+
Nxd7 9. Nf3 Bf6 10. Qe2 Qa5 11. e5 Be7 12. O-O d5 13. Qf2 Nf8 14. Qg3 Ng6 15.
h4 Bf8 16. Nd1 Bd7 17. Ne3 O-O-O 18. Ng5 Be8 19. d4 h6 20. Nf3 Ne7 21. dxc5 Kb8
22. a3 Qxc5 23. Bd4 Qc8 24. b4 Bb5 25. Rfc1 Qd7 26. c3 g6 27. Qf2 Nc8 28. Qc2
Bc4 29. Nxc4 dxc4 30. a4 Be7 31. Rd1 Qc7 32. Qb2 Nb6 33. a5 Nd5 34. g3 Qc6 35.
Kf2 Qb5 36. Qc2 Rc8 37. Qb2 Rhd8 38. Nd2 f6 39. Nb1 fxe5 40. Bxe5+ Bd6 41. Bd4
Rf8 42. Re1 Nc7 43. Na3 1/2-1/2

[Event "NK Jeugd Bm"]
[Site "Assen"]
[Date "2017.04.29"]
[Round "7.4"]
[White "Lu, Ting Ting"]
[Black "Kroon, Gerbrich"]
[Result "1/2-1/2"]
[WhiteElo "1493"]
[BlackElo "1437"]
[PlyCount "53"]
[EventDate "2017.??.??"]

1. e4 c6 2. d4 d5 3. e5 Bf5 4. Nc3 e6 5. g4 Bg6 6. Nge2 c5 7. Be3 Nc6 8. h4 h5
9. g5 Nge7 10. Nf4 cxd4 11. Nxg6 Nxg6 12. Bxd4 Ngxe5 13. Bxe5 Nxe5 14. Be2 g6
15. Qd4 Bg7 16. Bb5+ Kf8 17. Qc5+ Qe7 18. Qxe7+ Kxe7 19. O-O-O a6 20. Be2 b5
21. Rhe1 Rhc8 22. f4 Nc6 23. Bxb5 Bxc3 24. Bxc6 Bxb2+ 25. Kxb2 Rab8+ 26. Kc1
Rxc6 27. Rxd5 1/2-1/2